000 00601nam a2200169Ia 4500
008 090123s9999 xx 000 0 und d
082 _b2831
100 _aरानडे मधुकर
245 _aराजकुमारी रुपा व इतर गोष्टी
250 _a1
300 _a60
600 _aरानडे मधुकर
630 _aराजकुमारी रुपा व इतर गोष्टी
700 _aरानडे मधुकर
730 _aराजकुमारी रुपा व इतर गोष्टी
942 _cBOOK
999 _c40915
_d40915